| 000 | 00337cam a2200133ua 4500 | ||
|---|---|---|---|
| 999 |
_c15408 _d15408 |
||
| 020 | _a9788180142062 | ||
| 082 |
_a629.2 _bKIR/AU |
||
| 100 |
_aKirpal , Singh . _93085 |
||
| 245 | _aAutomobile engineering , Vol.2 | ||
| 250 | _a13 | ||
| 260 |
_aNew Delhi : _bStandard publishers Distributors , _c2014 |
||
| 300 | _a670p ; . | ||
| 942 | _cBK | ||